MESTSKÁ KNIŽNICA GIRALTOVCE  - online katalóg 

Babské rady / (Record no. 23736)

000 -NÁVESTIE
fixed length control field 01313nam a2200409 i 4500
001 - EVIDENČNÉ ČÍSLO ZÁZNAMU - Kontrolné číslo
control field nkc20213313093
005 - DÁTUM A ČAS POSLEDNEJ TRANSAKCIE
control field 20250212123008.0
007 - POLE PEVNEJ DĹŽKY PRE FYZICKÝ POPIS – VŠEOBECNE
fixed length control field ta
008 - ÚDAJE S PEVNOU DĹŽKOU – VŠEOBECNÉ INFORMÁCIE
fixed length control field 210319s2021 xr a e f 000 0 cze
020 ## - MEDZINÁRODNÉ ŠTANDARDNÉ ČÍSLO KNIHY (ISBN)
Medzinárodné štandardné číslo knihy (ISBN) 9788088286226
Qualifying information (vázáno) :
Údaje o dostupnosti Kč 249,00
035 ## - Iný štandardný identifikátor
Iný štandardný identifikátor (OCoLC)1267680294
040 ## - ZDROJ KATALOGIZÁCIE
Pôvodná katalogizujúca agentúra BOA001
Jazyk katalogizácie cze
Konvencie popisu rda
Prepisujúca agentúra sk
072 #7 - KÓD PREDMETOVEJ KATEGÓRIE
Kód predmetovej kategórie 64
Pododdiel kódu predmetovej kategórie Domácí hospodářství
Zdroj Konspekt
080 ## - ČÍSLO MEDZINÁRODNÉHO DESATINNÉHO TRIEDENIA (MDT)
Číslo Medzinárodného desatinného triedenia (MDT) 64
Identifikátor vydania MRF
080 ## - ČÍSLO MEDZINÁRODNÉHO DESATINNÉHO TRIEDENIA (MDT)
Číslo Medzinárodného desatinného triedenia (MDT) 64.047
Identifikátor vydania MRF
080 ## - ČÍSLO MEDZINÁRODNÉHO DESATINNÉHO TRIEDENIA (MDT)
Číslo Medzinárodného desatinného triedenia (MDT) 641.55
Identifikátor vydania MRF
080 ## - ČÍSLO MEDZINÁRODNÉHO DESATINNÉHO TRIEDENIA (MDT)
Číslo Medzinárodného desatinného triedenia (MDT) (035)
Identifikátor vydania MRF
080 ## - ČÍSLO MEDZINÁRODNÉHO DESATINNÉHO TRIEDENIA (MDT)
Číslo Medzinárodného desatinného triedenia (MDT) (083.12)
Identifikátor vydania MRF
100 1# - OSOBNÉ MENÁ – VŠEOBECNÉ INFORMÁCIE
Osobné meno Rozsypalová-Vykoupilová, Jarka,
Dátumy súvisiace s menom 1975-
Kód roly aut
-- 4347
245 10 - NÁZOV
Názov Babské rady /
Údaj o zodpovednosti atď. Jarka Rozsypalová-Vykoupilová
250 ## - ÚDAJ O PORADÍ VYDANIA
Údaj o poradí vydania Vydání první
264 #1 - VYDAVATEĽSKÉ ÚDAJE, DISTRIBÚCIA ATĎ. - RDA
Miesto publikovania, distribúcie atď. V Praze :
Názov vydavateľa, distibútora atď. Radioservis,
Dátum publikovania, distribúcie atď. 2021
300 ## - FYZICKÝ POPIS
Rozsah 142 stran :
Ďalšie fyzické detaily barevné ilustrace ;
Rozmery 21 cm
336 ## - TYP OBSAHU
Typ obsahu - termín text
Typ obsahu - kód txt
Zdroj rdacontent
337 ## - TYP MÉDIA
Typ média - termín bez média
Typ média - kód n
Zdroj rdamedia
338 ## - TYP NOSIČA
Typ nosiča - termín svazek
Typ nosiča - kód nc
Zdroj rdacarrier
650 07 - PRIDANÝ VSTUP – PREDMET – TEMATICKÉ HESLO
Tematické heslo alebo geografický názov ako vstupný prvok domácnost
Zdroj hesla alebo termínu czenas
-- 4348
650 07 - PRIDANÝ VSTUP – PREDMET – TEMATICKÉ HESLO
Tematické heslo alebo geografický názov ako vstupný prvok domácí práce
Zdroj hesla alebo termínu czenas
-- 4349
650 07 - PRIDANÝ VSTUP – PREDMET – TEMATICKÉ HESLO
Tematické heslo alebo geografický názov ako vstupný prvok jídla
Zdroj hesla alebo termínu czenas
-- 4350
650 09 - PRIDANÝ VSTUP – PREDMET – TEMATICKÉ HESLO
Tematické heslo alebo geografický názov ako vstupný prvok household
Zdroj hesla alebo termínu eczenas
-- 4351
650 09 - PRIDANÝ VSTUP – PREDMET – TEMATICKÉ HESLO
Tematické heslo alebo geografický názov ako vstupný prvok house works
Zdroj hesla alebo termínu eczenas
-- 4352
650 09 - PRIDANÝ VSTUP – PREDMET – TEMATICKÉ HESLO
Tematické heslo alebo geografický názov ako vstupný prvok meals
Zdroj hesla alebo termínu eczenas
-- 4353
655 #7 - INDEXAČNÝ TERMÍN – ŽÁNER/FORMA
Údaje o žánri/forme alebo termín, ktorý je prvok fazety příručky
Zdroj termínu czenas
-- 1541
655 #7 - INDEXAČNÝ TERMÍN – ŽÁNER/FORMA
Údaje o žánri/forme alebo termín, ktorý je prvok fazety kuchařské recepty
Zdroj termínu czenas
-- 1584
655 #9 - INDEXAČNÝ TERMÍN – ŽÁNER/FORMA
Údaje o žánri/forme alebo termín, ktorý je prvok fazety handbooks and manuals
Zdroj termínu eczenas
-- 4354
655 #9 - INDEXAČNÝ TERMÍN – ŽÁNER/FORMA
Údaje o žánri/forme alebo termín, ktorý je prvok fazety cookbooks
Zdroj termínu eczenas
-- 2420
Holdings
Stav stiahnutia (Blokovanie) (Withrawn status) Stav straty Zdroj klasifikácie pre skladovanie Stav poškodenia (Damaged status) Nie pre výpožičky (Not for loan) Spôsob nadobudnutia (Collection code) Trvalé umiestnenie Aktuálne umiestnenie Dátum nadobudnutia Inventárne číslo (prírastkové číslo) Full call number Čiarový kód Dátum posledného výskytu Cena s účinnosťou od Typ jednotky Koha
          Dar Mestská knižnica Giraltovce Mestská knižnica Giraltovce 2025-02-12 22074 S1562 S1562 2025-02-12 2025-02-12 Odborná literatúra pre dospelých

Powered by Koha